02080nam a2200325 a 450000100190000000500170001900800410003602000180007703500250009504000280012004100130014810000370016124500980019825000190029626000320031530000400034750400260038750500970041352008090051054600350131965000360135465000540139065000450144465000670148965500280155670000430158494200080162795201040163599900150173999101775353970670620250618152710.0030505s1998 spcd || 001 ||spa|c a9788425418594 a(ES-BaCBU).b29420416 aES-BaCBUbcatcES-BaCBU ageraspa aCorcoll, Brigitte925517eauthor10aProgrammb: alemán para hispanohablantes : ejerciciosc/ Brigitte Corcoll, Roberto Corcoll. aThird edition. aBarcelona :bHerder,c1996. a467 pages :billustrations ;c25 cm aIncludes bibliography8 a1. Gramática = Grammatik. — 2. Ejercicios = Übungen, Soluciones = Lösungsschlüssel aProgramm. Ejercicios/soluciones completa y desarrolla la parte práctica de Programm Gramática. Tras su dilatada experiencia como profesores de alemán para hispanohablantes, los autores proponen: Ejercicios: -Estructurados por niveles. -Encuadrados dentro de temas o lecciones, cuya numeración corresponde exactamente a la de la Gramática, para que el estudiante pueda pasar fácilmente de un volumen a otro, de la teoría a la práctica, y viceversa. -Múltiples y variados dentro de cada tema, para que el alumno decida por su cuenta el ritmo de trabajo. Soluciones: -Son útiles como confirmación rápida y segura cuando Programm se utilice como libro de texto con profesor. -Resultan indispensables cuando el estudio del alemán se hace por cuenta propia y más individualmente. aTextos en castellà i alemany00aGerman languagexGrammar92533600aGerman languagevProblems, exercises, etc.92464500aGerman languagexSelf-instruction92464400aGerman language xStudy and teaching xForeign speakers913581 0aSelf-instruction924883 aCorcoll, Robertod1937-925518eauthor 2lcc 00102lcc4070aTBSbTBSd2025-06-18l0oP-DE LEARN CORpB02682r2025-06-18t1w2025-06-18yGERMAN c4769d4769